Not The Title Character II Quiz Stats

 Plays Quiz Updated Dec 5, 2018

Support Sporcle.
Go Orange.
Score 0/24 Timer 06:00
0 Plays Today
% Correct
Cinderella
85.2%
Zoolander
81.7%
Happy Gilmore
79.1%
Django Unchained
71.1%
Coco
60.1%
Wayne's World
56.9%
The Truman Show
55.4%
Lincoln
50%
Logan
45.5%
Baby Driver
42.4%
Napoleon Dynamite
41.1%
Robin Hood: Prince of Thieves
39.6%
% Correct
Bill & Ted's Excellent Adventure
39.4%
When Harry Met Sally...
32.9%
Sherlock Holmes
32.3%
John Wick
24.1%
Shallow Hal
23.7%
Shaun of the Dead
21.7%
Erin Brockovich
20.7%
What Ever Happened to Baby Jane?
18.2%
Inside Llewyn Davis
13.2%
Rosemary's Baby
13.1%
Jack Reacher
12.9%
Steve Jobs
11.9%

You're not logged in!

Compare scores with friends on all Sporcle quizzes.
OR
Log In
Forgot?

From the Vault

Cartoon Surnames

by Derek

We searched the U.S. Census for the most common last names of cartoon characters, but oddly they don't seem to track that data.
Remove Ads.
Support Sporcle.
Get the best of Sporcle when you Go Orange. This ad-free experience offers more features, more stats, and more fun while also helping to support Sporcle. Thank you for becoming a member.

Show Comments

Extras

Top Quizzes Today


Score Distribution

Your Account Isn't Verified!

In order to create a playlist on Sporcle, you need to verify the email address you used during registration. Go to your Sporcle Settings to finish the process.

Report this User

Report this user for behavior that violates our Community Guidelines.

Details: